| 000 | 00739nam a2200229 a 4500 | ||
|---|---|---|---|
| 003 | DO-SdBNP | ||
| 005 | 20210527072704.0 | ||
| 008 | 190717s2018 dr 000 spa d | ||
| 020 | _a9789945894752 | ||
| 040 |
_aBPMSU _bspa _cBPMSU |
||
| 082 |
_a158.1 _bT384m 2018 _222 |
||
| 100 | _aThen, Yesenia | ||
| 245 | 1 | 0 |
_aMujer reposiciónate : _brevela tu diseño y no dejes que nada te robe la esencia / _cYesenia Then |
| 260 |
_aSanto Domingo : _bGraphic Colonial, _c2018. |
||
| 300 |
_a223 p.; _c23 cm. |
||
| 500 | _aIncluye datos biográficos del autora en la solapa de la cubierta | ||
| 650 | 4 | _aAutoayuda y superación. | |
| 650 | 4 | _aPsicología aplicada | |
| 650 | 4 | _aSeguridad (Psicología) | |
| 910 | _aVMateo | ||
| 942 |
_2ddc _cBK |
||
| 999 |
_c13538 _d13538 |
||